000
00318nam a2200133Ia 4500
008
191201s2011 xx 000 0 und d
100
_a
GUPTA,Shashi,K
245
0
_a
Accounting for Managerial Decision
250
_a
Rep
260
_a
N. delhi
_b
kalayani pub
_c
2011
300
_a
MISC
650
_a
MBA
942
_2
ddc
_c
BK
999
_c
5161
_d
5161